02020cam a22003854a 450000100090000000300040000900500170001300800410003001000170007102000430008803500200013104000230015104200080017405000250018206000240020706000110023108200210024224501120026325000120037526000370038730000340042449000390045850001150049750400510061252007200066365000280138365000300141165000260144165000180146765000230148570000230150870000260153173000370155783000400159416489283OSt20150408114059.0100930s2011 flua b 001 0 eng  a 2010042248 a9781439807132 (hardcover : alk. paper) a(DNLM)101542629 aDNLM/DLCcDLCdDLC apcc00aRM666.H33bH458 201110aW1bOX626 v.28 201110aWB 92500a615.321222bHEM00aHerbal medicine :bbiomolecular and clinical aspects /cedited by Iris F.F. Benzie and Sissi Wachtel-Galor. a2nd ed. aBoca Raton :bCRC Press,cc2011. axxi, 473 p. :bill. ;c26 cm.1 aOxidative stress and disease ;v28 aRev. ed. of: Herbal and traditional medicine / edited by Lester Packer, Choon Nam Ong, Barry Halliwell. c2004. aIncludes bibliographical references and index. a"Responding to the increased popularity of herbal medicines and other forms of complementary or alternative medicine in countries around the world, this reference reviews and evaluates various safety, toxicity, and quality-control issues related to the use of traditional and herbal products for health maintenance and disease prevention and treatment. With over 3,550 current references, the book highlights the role of herbal medicine in national health care while providing case studies of widely used herbal remedies and their effects on human health and wellness and the need for the design and performance of methodologically sound clinical trials for the plethora of herbal medicines"--Provided by publisher. 0aHerbsxTherapeutic use. 0aHerbsxMolecular aspects. 0aTraditional medicine.12aPhytotherapy.22aPlants, Medicinal.1 aBenzie, Iris F. F.1 aWachtel-Galor, Sissi.0 aHerbal and traditional medicine. 0aOxidative stress and disease ;v28.